En torno a la música de cámara de Brahms (Record no. 145212)

MARC details
000 -LEADER
campo de control de longitud fija 00672nam a2200181 4500
001 - NÚMERO DE CONTROL
campo de control 145212
003 - IDENTIFICADOR DE NÚMERO DE CONTROL
campo de control ES-MaACL
005 - FECHA Y HORA DE LA ÚLTIMA TRANSACCIÓN
campo de control 20231228210629.0
007 - CAMPO FIJO DE DESCRIPCIÓN FÍSICA--INFORMACIÓN GENERAL
campo de control de longitud fija t|
008 - DATOS DE LONGITUD FIJA--INFORMACIÓN GENERAL
campo de control de longitud fija 070214q1944 sp r ||||1| spa d
100 1# - ENTRADA PRINCIPAL--NOMBRE DE PERSONA
Nombre de persona Sopeña Ibáñez, Federico,
Fechas asociadas al nombre 1917-1991
9 (RLIN) 107321
245 10 - MENCIÓN DEL TÍTULO
Título En torno a la música de cámara de Brahms
Resto del título : notas para su interpretación por la Agrupación Nacional de Música de Cámara /
Mención de responsabilidad, etc. Federico Sopeña.
260 ## - PUBLICACIÓN, DISTRIBUCIÓN, ETC.
Lugar de publicación, distribución, etc. Madrid :
Nombre del editor, distribuidor, etc. [s. n.],
Fecha de publicación, distribución, etc. [1944?] (
Fabricante Imp. de Samarán)
300 ## - DESCRIPCIÓN FÍSICA
Extensión 8 h. :
Otras características físicas il. ;
Dimensiones 17 cm.
710 2# - ENTRADA AGREGADA--NOMBRE DE ENTIDAD CORPORATIVA
Nombre de entidad corporativa o nombre de jurisdicción como elemento de entrada Agrupación Nacional de Música de Cámara.
9 (RLIN) 1295
852 ## - LOCALIZACIÓN
Ubicación ES-MaACL
Número de control de estantería 1837-F-23
Sublocalización o colección R.21386
Holdings
Estatus retirado Estado de pérdida Estado de daño No para préstamo Colección Biblioteca de origen Biblioteca actual Ubicación en estantería Fecha de adquisición Fuente de adquisición Total de préstamos Signatura topográfica completa Código de barras Visto por última vez Precio de reemplazo Tipo de ítem Koha
        Colección de folletos Biblioteca del Ateneo de Madrid Biblioteca del Ateneo de Madrid Depósito folletos 17/01/2008     1837-F-23 1151579 23/02/2023 23/02/2023 Folleto